MARC

LEADER 00000nab a2200000 a 4500
001 vtls000146970
003 SK-MaSNL
005 20260304075359.0
008 250423c1983 xo 0 slo
015 |a SNBRB19rr/mm-uuuuu 
035 |a CL0157077 
035 |a urn:nbn:sk:snk-abdlo5 
035 |a (urnnbn)urn:nbn:sk:snk:ar-001ncw 
035 |a (uuid)1c532fba-2ec0-4778-a63b-22848fa5744e 
040 |a SNKBUCL  |b slo  |c SNKBUCL  |e AACR2 
041 0 |a slo 
044 |a xo  |c SK 
080 |a 792.8  |2 1981 
100 1 |a Goridkovová, Velika  |4 aut  |9 1365721 
245 1 0 |a Legenda o láske  |c Velika Goridkovová 
500 |a Choreografia a réžia Jozef Zajko 
600 1 7 |a Melikov, Arif Džangirovič  |t Legenda o láske  |2 snkbucl  |9 949435 
600 1 7 |a Hikmet Ran, Nazim,  |d 1902-1963  |t Legenda o láske  |2 snkbucl  |9 172016 
610 2 7 |a Slovenské národné divadlo.  |b Balet  |2 snkbucl  |9 32457 
650 0 7 |a balety  |2 snkbucl  |9 31615 
650 0 7 |a baletné inscenácie  |2 snkbucl  |9 3329 
655 7 |a recenzie  |2 snkbucl  |9 21907 
655 7 |a články z novín a časopisov  |2 snkbucl  |9 267496 
773 0 |t Film a divadlo  |g Roč. 27, č. 6 (1983), s. 23 
850 |a Slovenská národná knižnica 
852 |a Slovenská národná knižnica 
954 |a odborná, vedecká literatúra pôvodná (slovenská)  |2 lita 
958 |a article19 
958 |a OND 
958 |a EUIPO 
992 |a RBX 
999 |c 2781129  |d 2783059